000 00890nam a2200241Ia 4500
003 GCL
008 140319s9999 xx 000 0 ara d
040 _aGCL /
_cGCL
082 0 4 _a320.54
_bن أ
100 1 _aخليل احمد خليل
245 1 0 _a21 دولة لامة عربية واحدة /
_cخليل احمد خليل
700 1 _aنودينو, جان فرانسوا
700 1 _aكامل الحاج
250 _aالاولى
260 _a[S.N] :
_bبيسان للنشر والتوزيع ،
_c1993
300 _a334 ص ؛
_c24سم
650 0 4 _aالقومية العربية
650 0 4 _aمجلس التعاون لدول الخليج العرب
650 0 4 _aمنظمةبلدان العربيةالمصدرةللنفط
650 0 4 _aاتحاد المغرب العربى
650 0 4 _aالعالم العربى - الاحوال السياسية
942 _2ddc
_cBK
999 _c48458
_d48458